000 01241cam a22003131i 4500
001 gs 07000679
003 DLC
005 20260227111306.0
008 790305s1906 dcuabf f001 0 eng
010 _ags 07000679
035 _a(OCoLC)4712297
040 _aDLC
_cICharE
_dDLC
043 _an-us-co
050 0 0 _aQE75
_b.B9 no. 297
051 _aTN805.C6
_bF4
_cCopy 2.
100 1 _aFenneman, Nevin Melancthon,
_d1865-1945.
245 1 4 _aThe Yampa coal field, Routt county, Colorado /
_cby N.M. Fenneman and Hoyt S. Gale, with a chapter on the character and use of the Yampa coals by Marius R. Campbell.
260 _aWashington,
_bGovt. Print. Off.,
_c1906.
300 _a96, vi p. :
_bill., ix pl. (incl. fold. map) diagrs. ;
_c24 cm.
490 1 _aU.S. Geological survey. Bulletin
_vno. 297
500 _aSubject series: A, Economic geology, 84; B, Descriptive geology, 104.
500 _aIssued also as House doc. no. 936, 59th Cong., 1st sess.
500 _aLiterature : p. 11.
500 _aIncludes index.
650 0 _aCoal
_zColorado.
700 1 _aGale, Hoyt S.
_q(Hoyt Stoddard),
_d1876-
700 0 _aCampbell, Marius R.
_q(Marius Robinson),
_d1858-1940.
810 2 _aGeological Survey (U.S.).
_tBulletin ;
_vno. 297.
999 _c24612
_d24612